LEADER 04077nam 22008295 450 001 996466462803316 005 20200705130340.0 010 $a3-319-24255-5 024 7 $a10.1007/978-3-319-24255-2 035 $a(CKB)4340000000001117 035 $a(SSID)ssj0001584972 035 $a(PQKBManifestationID)16265246 035 $a(PQKBTitleCode)TC0001584972 035 $a(PQKBWorkID)14866002 035 $a(PQKB)10569071 035 $a(DE-He213)978-3-319-24255-2 035 $a(MiAaPQ)EBC6283599 035 $a(MiAaPQ)EBC5586312 035 $a(Au-PeEL)EBL5586312 035 $a(OCoLC)921889385 035 $a(PPN)19052846X 035 $a(EXLCZ)994340000000001117 100 $a20150905d2015 u| 0 101 0 $aeng 135 $aurnn|008mamaa 181 $ctxt 182 $cc 183 $acr 200 10$aComputer Safety, Reliability, and Security$b[electronic resource] $e34th International Conference, SAFECOMP 2015, Delft, The Netherlands, September 23-25, 2015, Proceedings /$fedited by Floor Koornneef, Coen van Gulijk 205 $a1st ed. 2015. 210 1$aCham :$cSpringer International Publishing :$cImprint: Springer,$d2015. 215 $a1 online resource (XXII, 486 p. 141 illus. in color.) 225 1 $aProgramming and Software Engineering ;$v9337 300 $aBibliographic Level Mode of Issuance: Monograph 311 $a3-319-24254-7 320 $aIncludes bibliographical references and index. 330 $aThis book constitutes the refereed proceedings of the 34th International Conference on Computer Safety, Reliability, and Security, SAFECOMP 2015, held in Delft, The Netherlands, in September 2014. The 32 revised full papers presented together with 3 invited talks were carefully reviewed and selected from 104 submissions. The papers are organized in topical sections on flight systems, automotive embedded systems, automotive software, error detection, medical safety cases, medical systems, architecture and testing, safety cases, security attacks, cyber security and integration, and programming and compiling. 410 0$aProgramming and Software Engineering ;$v9337 606 $aComputer logic 606 $aProgramming languages (Electronic computers) 606 $aSoftware engineering 606 $aComputer security 606 $aApplication software 606 $aComputer organization 606 $aLogics and Meanings of Programs$3https://scigraph.springernature.com/ontologies/product-market-codes/I1603X 606 $aProgramming Languages, Compilers, Interpreters$3https://scigraph.springernature.com/ontologies/product-market-codes/I14037 606 $aSoftware Engineering$3https://scigraph.springernature.com/ontologies/product-market-codes/I14029 606 $aSystems and Data Security$3https://scigraph.springernature.com/ontologies/product-market-codes/I28060 606 $aComputer Applications$3https://scigraph.springernature.com/ontologies/product-market-codes/I23001 606 $aComputer Systems Organization and Communication Networks$3https://scigraph.springernature.com/ontologies/product-market-codes/I13006 615 0$aComputer logic. 615 0$aProgramming languages (Electronic computers). 615 0$aSoftware engineering. 615 0$aComputer security. 615 0$aApplication software. 615 0$aComputer organization. 615 14$aLogics and Meanings of Programs. 615 24$aProgramming Languages, Compilers, Interpreters. 615 24$aSoftware Engineering. 615 24$aSystems and Data Security. 615 24$aComputer Applications. 615 24$aComputer Systems Organization and Communication Networks. 676 $a004 702 $aKoornneef$b Floor$4edt$4http://id.loc.gov/vocabulary/relators/edt 702 $avan Gulijk$b Coen$4edt$4http://id.loc.gov/vocabulary/relators/edt 801 0$bMiAaPQ 801 1$bMiAaPQ 801 2$bMiAaPQ 906 $aBOOK 912 $a996466462803316 996 $aComputer Safety, Reliability, and Security$92175020 997 $aUNISA LEADER 04684nam 2200757 450 001 9910819330903321 005 20230515054757.0 010 $a1-4426-9990-6 010 $a1-4426-8999-4 024 7 $a10.3138/9781442689992 035 $a(CKB)2550000000043187 035 $a(EBL)3275934 035 $a(SSID)ssj0000542326 035 $a(PQKBManifestationID)11332681 035 $a(PQKBTitleCode)TC0000542326 035 $a(PQKBWorkID)10510410 035 $a(PQKB)11429629 035 $a(CaBNVSL)slc00227104 035 $a(CEL)436468 035 $a(DE-B1597)479114 035 $a(OCoLC)987953587 035 $a(DE-B1597)9781442689992 035 $a(Au-PeEL)EBL4672732 035 $a(CaPaEBR)ebr11258386 035 $a(OCoLC)958562837 035 $a(MiAaPQ)EBC4672732 035 $a(MiAaPQ)EBC3275934 035 $a(OCoLC)1124515139 035 $a(MdBmJHUP)musev2_105612 035 $a(EXLCZ)992550000000043187 100 $a20160914h20112011 uy 0 101 0 $aeng 135 $aur|n|---||||| 181 $ctxt 182 $cc 183 $acr 200 00$aValuing care work $ecomparative perspectives /$fedited by Cecilia Benoit and Helga Hallgrimsdottir 210 1$aToronto, [Ontario] ;$aBuffalo, [New York] ;$aLondon, [England] :$cUniversity of Toronto Press,$d2011. 210 4$d©2011 215 $a1 online resource (303 p.) 311 $a1-4426-1092-1 311 $a1-4426-4182-7 320 $aIncludes bibliographical references. 327 $aConceptualizing care work / Cecilia Benoit, Hallgri?msdo?ttir -- Emplacing care : understanding care work across social and spatial contexts / Deborah Thien, Holly Dolan -- In search of equity and dignity in maternity care : Canada in comparative perspective / Cecilia Benoit, Sirpa Wrede, Þorgerdur Einarsdo?ttir -- Caring beyond borders : comparing the relationship between work and migration patterns in Canada and Finland / Ivy Bourgeault, Sirpa Wrede -- Patching up the holes : analyzing paid care work in homes / Mary Ellen Purkis, Christine Ceci, Kristin Bjornsdoþttir -- My home, your work, our relationship : elderly clients' experiences of home care services / Anne Martin-Matthews, Joanie Sims-Gould -- Bifurcated consciousness : Aboriginal care workers in community settings / Rachel Eni -- Mothers' health, responsibilization, and choice in unpaid family care work after separation or divorce / Rachel Treloar, Laura Funk -- "Choice" in informal health care work : adult children with aging parents / Laura Funk, Karen Kobayashi -- Spinning the family web : grandparents raising grandchildren in Canada / Patricia Mackenzie [and others] -- Voluntary caregiving : constraints and opportunities for hospital volunteers / Muriel Mellow -- Volunteering on the frontline : caring for sex workers in non-profit organizations / Rachel Phillips, Lauren Casey, Chris Leischner -- Neoliberalism, Gender, and Care Work: Trends and Challenges / Helga Hallgri?msdo?ttir [and others]. 330 8 $a"To trace the relationships between gender, labour, and equity in health care, the essays in this volume analyse the rules and practices that shape care work. The contributors highlight how national configurations of the welfare state shape the gendering of paid and unpaid intimate labour in a range of settings and discuss how the policies and practices associated with neoliberalism have focussed on efficiency and accountability to the detriment of other policy agendas, including those that might further increase dignity and equity for both recipients and providers of paid and unpaid health care."--Pub. desc. 330 $aThere are many forms of paid and unpaid labour encompassed in health care systems, including home care for the elderly or disabled, community health services, and the care family members provide for loved ones. Valuing Care Work is an international comparative study that examines economic organizations as well as intimate settings to show how personal service work is shaped by broader welfare state developments. 606 $aCare of the sick 606 $aCaregivers 606 $aHome care services 606 $aMedical care 608 $aElectronic books. 615 0$aCare of the sick. 615 0$aCaregivers. 615 0$aHome care services. 615 0$aMedical care. 676 $a362/.0425 700 $aBenoit$b Cecilia, $0906404 702 $aBenoit$b Cecilia$f1954- 702 $aHallgrimsdo?ttir$b Helga$f1969- 801 0$bMiAaPQ 801 1$bMiAaPQ 801 2$bMiAaPQ 906 $aBOOK 912 $a9910819330903321 996 $aValuing care work$93950838 997 $aUNINA